=LDR 00000nam 2200000 4500 =001 INLIS000000000047060 =005 20150709111515.0 =006 =007 =008 =020 ##$$a 028.5 =035 ##$$0010-071500000000030 =082 ##$$a 028.5 =090 ##$$a 028.5 kim k.4 =100 ##$$a kim shin joong =245 ##$$a power bible comic =260 ##$$a elex media koputindo =850 ##$$a NPBMAT =990 ##$$a 2090101027/BPAP-NTB/2015